[Event "Kalev Pugi mem"]
[Site "Toronto CAN"]
[Date "1985.??.??"]
[Round "11"]
[White "Hartman, Brian"]
[Black "Hertan, Charles"]
[Result "1-0"]
[WhiteElo "2350"]
[BlackElo "2350"]
[PlyCount "55"]
[GameId "2160767912717575"]
[EventDate "1985.12.26"]
[EventType "tourn"]
[EventRounds "11"]
[EventCountry "CAN"]
[SourceTitle "EXT 1999"]
[Source "ChessBase"]
[SourceDate "1998.11.10"]
[SourceVersion "1"]
[SourceVersionDate "1998.11.10"]
[SourceQuality "1"]

1. e4 c5 2. Nf3 e6 3. d4 cxd4 4. Nxd4 Nf6 5. Nc3 d6 6. Be2 Be7 7. O-O Nc6 8. Be3 Bd7 9. f4 Nxd4 10. Bxd4 Bc6 11. Qd3 O-O 12. Qg3 g6 13. f5 e5 14. Be3 Nxe4 15. Nxe4 Bxe4 16. Bh6 Qb6+ 17. Kh1 Qxb2 18. Bd3 Bxd3 19. cxd3 Qd4 20. Rab1 b6 21. f6 Bd8 22. Qh3 Re8 23. Qd7 Bc7 24. Qxc7 Red8 25. Qc4 Qxc4 26. dxc4 Rac8 27. Rbc1 Rc5 28. Rfd1 1-0

[Event "Ontario Team ch"]
[Site "Scarborough CAN"]
[Date "1985.11.10"]
[Round "5"]
[White "Hartman, Brian"]
[Black "Pacey, Kevin"]
[Result "1-0"]
[WhiteElo "2386"]
[BlackElo "2220"]
[PlyCount "67"]
[GameId "2160767912717639"]
[EventDate "1985.11.08"]
[EventType "team"]
[EventRounds "5"]
[EventCountry "CAN"]

1. e4 c5 2. Nf3 d6 3. Bb5+ Bd7 4. Bxd7+ Qxd7 5. O-O Nc6 6. c4 g6 7. Nc3 Bg7 8. d3 Nf6 9. a3 O-O 10. Rb1 Ne8 11. Bg5 Nc7 12. Qd2 Rfe8 13. Kh1 Ne6 14. Bh6 Bh8 15. Nd5 Ned4 16. Nxd4 cxd4 17. f4 e6 18. Nb4 Ne7 19. Rbe1 b5 20. g4 bxc4 21. dxc4 Qb7 22. f5 Nc6 23. fxg6 hxg6 24. Nxc6 Qxc6 25. Rf3 Rab8 26. Qf2 f5 27. gxf5 exf5 28. Qg2 Re6 29. Rxf5 d3 30. Rf4 Qxc4 31. Ref1 d2 32. Rg4 d1=Q 33. Rxg6+ Kh7 34. Rg7+ 1-0

[Event "Labour Day op"]
[Site "Toronto CAN"]
[Date "1985.09.02"]
[Round "5"]
[White "Veltmann, Martin"]
[Black "Hartman, Brian"]
[Result "0-1"]
[WhiteElo "2213"]
[BlackElo "2387"]
[PlyCount "86"]
[GameId "2160767912717817"]
[EventDate "1985.08.31"]
[EventType "swiss"]
[EventRounds "5"]
[EventCountry "CAN"]
[SourceTitle "CFC 1985.12"]

1. c4 Nf6 2. Nc3 e5 3. g3 c6 4. Nf3 e4 5. Nd4 d5 6. cxd5 cxd5 7. Bg2 Nc6 8. Nxc6 bxc6 9. d3 exd3 10. Qxd3 Be7 11. O-O O-O 12. b3 Re8 13. Bb2 a5 14. Rfd1 Bg4 15. Rac1 Bb4 16. Bf3 Bxf3 17. Qxf3 Re6 18. e3 Bxc3 19. Bxc3 Ne4 20. Bd4 a4 21. b4 Rh6 22. Rc2 Qd7 23. Rdc1 Re8 24. b5 Ng5 25. Qe2 cxb5 26. Rc7 Qh3 27. f4 Ne4 28. Qg2 Qg4 29. Rb7 Rh3 30. Rxb5 Nxg3 31. Re1 Qh4 32. Reb1 h6 33. Rxd5 Rc8 34. Ra5 Qg4 35. Re1 Ne2+ 36. Kh1 Ng3+ 37. Kg1 Kh7 38. Rxa4 Ne2+ 39. Kh1 Ng3+ 40. Kg1 Rc6 41. Ra7 Rg6 42. Rxf7 Rxh2 43. Qxh2 Ne4+ 0-1

[Event "Quebec op"]
[Site "Ste-Agathe CAN"]
[Date "1985.08.17"]
[Round "7"]
[White "Hartman, Brian"]
[Black "Georgiev, Kiril"]
[Result "0-1"]
[WhiteElo "2325"]
[BlackElo "2556"]
[PlyCount "94"]
[GameId "2160767912717863"]
[EventDate "1985.08.11"]
[EventType "swiss"]
[EventRounds "8"]
[EventCountry "CAN"]
[SourceTitle "EXT 2022"]
[Source "ChessBase"]
[SourceDate "2021.10.06"]
[SourceVersion "1"]
[SourceVersionDate "2021.10.06"]
[SourceQuality "1"]

1. e4 c5 2. Nf3 d6 3. d4 cxd4 4. Nxd4 Nf6 5. Nc3 g6 6. Be3 Bg7 7. f3 Nc6 8. Qd2 O-O 9. Bc4 Bd7 10. h4 h5 11. O-O-O Ne5 12. Bb3 Rc8 13. Bg5 Rc5 14. g4 hxg4 15. f4 Nc4 16. Qe2 b5 17. f5 gxf5 18. exf5 Re5 19. Qd3 Qc8 20. Rdf1 Nd5 21. Nxd5 Rxd5 22. f6 exf6 23. Bxf6 Re8 24. Bxg7 Re3 25. Bxc4 Rxd3 26. Bxd5 Kxg7 27. Rxf7+ Kh8 28. Rhf1 Rxd4 29. Rf8+ Qxf8 30. Rxf8+ Kg7 31. Rg8+ Kf6 32. Bb3 b4 33. h5 Bf5 34. h6 Re4 35. c3 bxc3 36. bxc3 Re1+ 37. Kd2 Rh1 38. Rd8 Ke5 39. Re8+ Kf4 40. Ra8 Rh2+ 41. Kc1 g3 42. Bd5 g2 43. Bxg2 Rxg2 44. Rxa7 Rc2+ 45. Kd1 Rxc3 46. Ra4+ Ke3 47. Rh4 Be4 0-1

[Event "CAN-ch"]
[Site "Edmonton CAN"]
[Date "1985.07.13"]
[Round "1"]
[White "Hartman, Brian"]
[Black "Stone, Raymond"]
[Result "1/2-1/2"]
[WhiteElo "2394"]
[BlackElo "2343"]
[PlyCount "93"]
[GameId "2160767912717960"]
[EventDate "1985.07.13"]
[EventType "tourn"]
[EventRounds "9"]
[EventCountry "CAN"]
[EventCategory "3"]
[SourceTitle "EXT 2025"]
[Source "ChessBase"]
[SourceDate "2024.10.14"]
[SourceVersion "1"]
[SourceVersionDate "2024.10.14"]
[SourceQuality "1"]

1. e4 c5 2. Nf3 e6 3. d4 cxd4 4. Nxd4 Nf6 5. Nc3 d6 6. Be2 Nc6 7. Be3 Be7 8. O-O O-O 9. f4 a6 10. a4 Qc7 11. Qe1 Nxd4 12. Bxd4 e5 13. fxe5 dxe5 14. Qg3 Re8 15. Rad1 Bd8 16. Bxe5 Rxe5 17. Rxd8+ Qxd8 18. Qxe5 Qb6+ 19. Kh1 Be6 20. Nd5 Bxd5 21. exd5 Qc5 22. Bf3 Re8 23. Qc3 Qxc3 24. bxc3 Ne4 25. Bxe4 Rxe4 26. d6 Kf8 27. Kg1 Re6 28. Rd1 Ke8 29. c4 Re4 30. Rb1 Rxc4 31. Rxb7 Rd4 32. Kf2 Rxd6 33. Ra7 Rc6 34. c4 Rxc4 35. Rxa6 Ke7 36. a5 Rc2+ 37. Kf3 h5 38. Rb6 Ra2 39. a6 g5 40. Rb7+ Ke6 41. a7 f5 42. Rg7 Kf6 43. Rh7 Ra3+ 44. Ke2 f4 45. h3 Kg6 46. Rc7 g4 47. Rc6+ 1/2-1/2

[Event "CAN-ch"]
[Site "Edmonton CAN"]
[Date "1985.07.15"]
[Round "3"]
[White "Hartman, Brian"]
[Black "Cabanas, Francisco"]
[Result "1-0"]
[WhiteElo "2394"]
[BlackElo "2067"]
[PlyCount "91"]
[GameId "2160767912717970"]
[EventDate "1985.07.13"]
[EventType "tourn"]
[EventRounds "9"]
[EventCountry "CAN"]
[EventCategory "3"]
[SourceTitle "EXT 2025"]
[Source "ChessBase"]
[SourceDate "2024.10.14"]
[SourceVersion "1"]
[SourceVersionDate "2024.10.14"]
[SourceQuality "1"]

1. e4 d5 2. exd5 Nf6 3. Nf3 Nxd5 4. d4 Bg4 5. Be2 g6 6. h3 Bxf3 7. Bxf3 c6 8. O-O Bg7 9. c3 O-O 10. Qb3 Nb6 11. a4 a5 12. Bg5 N8d7 13. Re1 Nf6 14. Nd2 Qc7 15. Nc4 Nxc4 16. Qxc4 e6 17. Qb3 Nd5 18. Rad1 h6 19. Bh4 Rfe8 20. Bg3 Qd7 21. h4 h5 22. Be5 Bh6 23. g3 f6 24. Bxd5 exd5 25. Bxf6 Rxe1+ 26. Rxe1 Rf8 27. Be5 Qf5 28. Re2 Qf3 29. Qc2 Kh7 30. Re1 b5 31. axb5 cxb5 32. Qe2 Qf5 33. Kg2 Rf7 34. Rf1 b4 35. cxb4 axb4 36. f3 b3 37. Qb5 Qc2+ 38. Rf2 Qc4 39. Qe8 Rg7 40. f4 Qd3 41. Bxg7 Bxg7 42. f5 gxf5 43. Qxh5+ Kg8 44. Qxf5 Qe4+ 45. Qxe4 dxe4 46. Re2 1-0

[Event "CAN-ch"]
[Site "Edmonton CAN"]
[Date "1985.07.16"]
[Round "4"]
[White "Ross, Dave"]
[Black "Hartman, Brian"]
[Result "1/2-1/2"]
[WhiteElo "2285"]
[BlackElo "2394"]
[PlyCount "35"]
[GameId "2160767912717977"]
[EventDate "1985.07.13"]
[EventType "tourn"]
[EventRounds "9"]
[EventCountry "CAN"]
[EventCategory "3"]
[SourceTitle "EXT 2025"]
[Source "ChessBase"]
[SourceDate "2024.10.14"]
[SourceVersion "1"]
[SourceVersionDate "2024.10.14"]
[SourceQuality "1"]

1. d4 Nf6 2. c4 c5 3. d5 b5 4. a4 bxc4 5. Nc3 g6 6. e4 d6 7. Bxc4 Bg7 8. f4 O-O 9. Nf3 Ba6 10. Bxa6 Nxa6 11. O-O Nb4 12. Qe2 Qc7 13. Kh1 e6 14. e5 dxe5 15. d6 Qc6 16. fxe5 Nd7 17. Bf4 c4 18. Bg3 1/2-1/2

[Event "CAN-ch"]
[Site "Edmonton CAN"]
[Date "1985.07.17"]
[Round "5"]
[White "Hartman, Brian"]
[Black "Hawkes, Rob"]
[Result "0-1"]
[WhiteElo "2394"]
[BlackElo "2328"]
[PlyCount "76"]
[GameId "2160767912717980"]
[EventDate "1985.07.13"]
[EventType "tourn"]
[EventRounds "9"]
[EventCountry "CAN"]
[EventCategory "3"]
[SourceTitle "EXT 2025"]
[Source "ChessBase"]
[SourceDate "2024.10.14"]
[SourceVersion "1"]
[SourceVersionDate "2024.10.14"]
[SourceQuality "1"]

1. e4 g6 2. d4 Bg7 3. Nf3 d6 4. Be2 a6 5. O-O Nf6 6. Nc3 O-O 7. a4 e6 8. Re1 b6 9. e5 dxe5 10. Nxe5 Bb7 11. Bf3 Qc8 12. Bg5 Ra7 13. Re3 Nd5 14. Bxd5 Bxd5 15. Nxd5 exd5 16. Qf3 c6 17. Bf6 Nd7 18. Nxd7 Rxd7 19. a5 b5 20. Rae1 Qc7 21. b4 Qd6 22. Be7 Rxe7 23. Rxe7 Qxb4 24. c3 Qxa5 25. Rb7 Bxd4 26. h4 Qxc3 27. Qe2 h5 28. Rd1 c5 29. Rd7 Qc4 30. Qf3 b4 31. Rd3 Qc1+ 32. Kh2 Qc2 33. Kg3 Bxf2+ 34. Kh3 Qb1 35. g4 Qf1+ 36. Kh2 Qg1+ 37. Kh3 hxg4+ 38. Qxg4 Qh1# 0-1

[Event "CAN-ch"]
[Site "Edmonton CAN"]
[Date "1985.07.18"]
[Round "6"]
[White "Taylor, Gordon"]
[Black "Hartman, Brian"]
[Result "1/2-1/2"]
[WhiteElo "2302"]
[BlackElo "2394"]
[PlyCount "69"]
[GameId "2160767912717988"]
[EventDate "1985.07.13"]
[EventType "tourn"]
[EventRounds "9"]
[EventCountry "CAN"]
[EventCategory "3"]
[SourceTitle "EXT 2025"]
[Source "ChessBase"]
[SourceDate "2024.10.14"]
[SourceVersion "1"]
[SourceVersionDate "2024.10.14"]
[SourceQuality "1"]

1. d4 Nf6 2. c4 c5 3. Nf3 g6 4. g3 Bg7 5. Bg2 O-O 6. O-O cxd4 7. Nxd4 Nc6 8. Nc3 Qb6 9. Nb3 d6 10. Bg5 Be6 11. Nd5 Bxd5 12. cxd5 Ne5 13. Be3 Qa6 14. Bd4 Nfd7 15. Qd2 Nb6 16. Rfc1 Rfc8 17. Na5 h5 18. e3 Nbc4 19. Nxc4 Rxc4 20. Rxc4 Qxc4 21. b3 Qb5 22. Rc1 a5 23. Rc4 a4 24. Qb4 Qxb4 25. Rxb4 axb3 26. axb3 Ng4 27. Bxg7 Kxg7 28. Rxb7 Ra1+ 29. Bf1 Nxh2 30. Kxh2 Rxf1 31. Kg2 Rb1 32. Rxe7 Rxb3 33. Rd7 Rb6 34. f4 Kf8 35. Kf3 1/2-1/2

[Event "CAN-ch"]
[Site "Edmonton CAN"]
[Date "1985.07.19"]
[Round "7"]
[White "Hartman, Brian"]
[Black "Reeve, Jeff"]
[Result "1/2-1/2"]
[WhiteElo "2394"]
[BlackElo "2247"]
[PlyCount "84"]
[GameId "2160767912717991"]
[EventDate "1985.07.13"]
[EventType "tourn"]
[EventRounds "9"]
[EventCountry "CAN"]
[EventCategory "3"]
[SourceTitle "EXT 2025"]
[Source "ChessBase"]
[SourceDate "2024.10.14"]
[SourceVersion "1"]
[SourceVersionDate "2024.10.14"]
[SourceQuality "1"]

1. e4 c5 2. Nf3 d6 3. Bb5+ Bd7 4. Bxd7+ Qxd7 5. O-O Nc6 6. c3 Nf6 7. Re1 e6 8. d4 cxd4 9. cxd4 d5 10. exd5 Nxd5 11. Ne5 Nxe5 12. dxe5 Bb4 13. Re4 Rc8 14. Nd2 O-O 15. Nf3 Rfd8 16. h4 Be7 17. Qb3 Nb4 18. Rd4 Qb5 19. Bg5 Rxd4 20. Nxd4 Qd7 21. Bxe7 Qxe7 22. a3 Nc6 23. Nf3 Rd8 24. Rd1 Rxd1+ 25. Qxd1 h6 26. b4 a6 27. Qd3 Qc7 28. Qe3 Qd8 29. g4 Qd1+ 30. Kg2 Ne7 31. Qd4 Qxd4 32. Nxd4 Nd5 33. Kf3 Kf8 34. Ke4 Ke7 35. h5 Kd7 36. f4 Nc7 37. f5 Nb5 38. Nxb5 axb5 39. f6 g5 40. hxg6 fxg6 41. Kd4 b6 42. Kc3 Ke8 1/2-1/2

[Event "CAN-ch"]
[Site "Edmonton CAN"]
[Date "1985.07.20"]
[Round "8"]
[White "Hamilton, Robert"]
[Black "Hartman, Brian"]
[Result "0-1"]
[WhiteElo "2363"]
[BlackElo "2394"]
[PlyCount "62"]
[GameId "2160767912717995"]
[EventDate "1985.07.13"]
[EventType "tourn"]
[EventRounds "9"]
[EventCountry "CAN"]
[EventCategory "3"]
[SourceTitle "EXT 2025"]
[Source "ChessBase"]
[SourceDate "2024.10.14"]
[SourceVersion "1"]
[SourceVersionDate "2024.10.14"]
[SourceQuality "1"]

1. e4 c5 2. Nf3 e6 3. d4 cxd4 4. Nxd4 Nf6 5. Bd3 Nc6 6. Be3 d5 7. Nd2 e5 8. Nxc6 bxc6 9. O-O h6 10. f3 Be7 11. Kh1 O-O 12. Qe2 Qc7 13. c4 Be6 14. Rac1 Qb7 15. b3 a5 16. f4 Ba3 17. Rc2 dxe4 18. Nxe4 Nxe4 19. Bxe4 f5 20. Bf3 e4 21. Bh5 a4 22. Rb1 Qe7 23. Qf2 Rfd8 24. Be2 axb3 25. axb3 Rab8 26. Ra2 Rd7 27. Bd4 Rdb7 28. Qe3 Rd8 29. Bb6 Rdd7 30. g4 fxg4 31. Qxe4 Bd5 0-1

[Event "CAN-ch"]
[Site "Edmonton CAN"]
[Date "1985.07.21"]
[Round "9"]
[White "Hartman, Brian"]
[Black "Fullbrook, Nigel"]
[Result "1/2-1/2"]
[WhiteElo "2394"]
[BlackElo "2255"]
[PlyCount "140"]
[GameId "2160767912718000"]
[EventDate "1985.07.13"]
[EventType "tourn"]
[EventRounds "9"]
[EventCountry "CAN"]
[EventCategory "3"]
[SourceTitle "EXT 2025"]
[Source "ChessBase"]
[SourceDate "2024.10.14"]
[SourceVersion "1"]
[SourceVersionDate "2024.10.14"]
[SourceQuality "1"]

1. e4 Nf6 2. e5 Nd5 3. d4 d6 4. Nf3 g6 5. Bc4 Nb6 6. Bb3 Bg7 7. Ng5 O-O 8. e6 Nc6 9. exf7+ Kh8 10. c3 e5 11. h4 h5 12. d5 Na5 13. Bc2 Qf6 14. O-O c6 15. dxc6 d5 16. c7 Be6 17. f4 e4 18. Be3 Bxf7 19. Bc5 Rfc8 20. Na3 Rxc7 21. Bd4 Qf5 22. Nb5 Rd7 23. Nxf7+ Qxf7 24. f5 Nbc4 25. b3 Nd6 26. Bxg7+ Qxg7 27. Nxd6 Rxd6 28. Bxe4 Qxc3 29. Bc2 Rf8 30. Rc1 Nc6 31. fxg6 Rxf1+ 32. Kxf1 Rf6+ 33. Kg1 Qe3+ 34. Kh1 Kg7 35. Qe1 Qf4 36. Bd3 Kh6 37. Rc2 Ne5 38. g7 Nxd3 39. g8=N+ Kg6 40. Qe8+ Kg7 41. Nxf6 Qxh4+ 42. Kg1 Qd4+ 43. Kf1 Qxf6+ 44. Ke2 Nf4+ 45. Ke1 Qa1+ 46. Kf2 Qd4+ 47. Kf3 Qd3+ 48. Kxf4 Qxc2 49. Qe5+ Kf8 50. Qb8+ Ke7 51. Qxb7+ Kd6 52. Qb8+ Kd7 53. Qxa7+ Kd6 54. Qb6+ Kd7 55. Qb5+ Kd6 56. Qb4+ Kd7 57. Ke5 Qe2+ 58. Kxd5 Qxg2+ 59. Qe4 Qxa2 60. Qe6+ Kc7 61. Qe7+ Kb6 62. Qd6+ Kb7 63. Qd7+ Kb6 64. Qc6+ Ka7 65. Qc7+ Ka6 66. Qc4+ Kb6 67. Qd4+ Kb7 68. Qb4+ Ka6 69. Qc4+ Kb6 70. Qc5+ Kb7 1/2-1/2

[Event "CAN-op"]
[Site "Edmonton CAN"]
[Date "1985.07.20"]
[Round "9"]
[White "Hartman, Brian"]
[Black "Yanofsky, Abe"]
[Result "1-0"]
[WhiteElo "2390"]
[BlackElo "2412"]
[PlyCount "131"]
[GameId "2160767912718031"]
[EventDate "1985.07.13"]
[EventType "swiss"]
[EventRounds "10"]
[EventCountry "CAN"]
[SourceTitle "EXT 2022"]
[Source "ChessBase"]
[SourceDate "2021.10.06"]
[SourceVersion "1"]
[SourceVersionDate "2021.10.06"]
[SourceQuality "1"]

1. e4 e6 2. d4 d5 3. Nd2 c5 4. Ngf3 Nc6 5. exd5 exd5 6. Bb5 Bd6 7. O-O cxd4 8. Nb3 Nge7 9. Bg5 O-O 10. Nbxd4 Qc7 11. h3 Ng6 12. Bd3 a6 13. Re1 Qb6 14. Nb3 Be6 15. Be3 Qc7 16. Bc5 Nce5 17. Nxe5 Bxc5 18. Nxc5 Qxc5 19. Qd2 Rfe8 20. c3 Rad8 21. Nf3 Bd7 22. Rad1 Rxe1+ 23. Rxe1 Re8 24. Rxe8+ Bxe8 25. Bc2 Bc6 26. Qe3 Qd6 27. Nd4 Bd7 28. Qg5 Bc6 29. Nf5 Qc7 30. Qg3 Qxg3 31. Nxg3 Ne5 32. b3 Bb5 33. f4 Ng6 34. Bxg6 hxg6 35. Kf2 Kf8 36. Ke3 Ke7 37. Kd4 Kd6 38. a4 Bd7 39. a5 Bb5 40. h4 f6 41. Nh1 Bf1 42. g3 Be2 43. Nf2 Kc6 44. b4 Kd6 45. Ke3 Bb5 46. Ng4 Bd7 47. Nh2 Bb5 48. Nf3 Bd7 49. Kd4 Bg4 50. Ne1 Bf5 51. Ng2 Be6 52. Ne3 Kc6 53. Nf1 Bg4 54. Ne3 Be6 55. g4 Kd6 56. g5 Kc6 57. Nd1 Kd6 58. Nf2 Bf5 59. Nh1 Be6 60. Ng3 Bg4 61. gxf6 gxf6 62. Nf1 Bh3 63. Ne3 Be6 64. f5 gxf5 65. Ng2 Bg8 66. Nf4 1-0

[Event "Canada Day op"]
[Site "Toronto CAN"]
[Date "1985.06.??"]
[Round "?"]
[White "Kaminker, Harry"]
[Black "Hartman, Brian"]
[Result "1-0"]
[WhiteElo "2333"]
[BlackElo "2386"]
[PlyCount "71"]
[GameId "2160767912718045"]
[EventDate "1985.06.29"]
[EventType "swiss"]
[EventRounds "5"]
[EventCountry "CAN"]
[SourceTitle "CFC 1985.10"]

1. c4 Nf6 2. Nf3 g6 3. Nc3 Bg7 4. e4 d6 5. d4 O-O 6. Be2 c5 7. d5 b5 8. cxb5 a6 9. O-O axb5 10. Bxb5 Ba6 11. Bxa6 Nxa6 12. Rb1 Nd7 13. Bd2 Qc7 14. b3 Rfb8 15. a3 Rb7 16. Qc2 Qb8 17. Rfd1 Nc7 18. a4 Ra6 19. Be1 Rab6 20. Nd2 Na6 21. Nc4 Nb4 22. Qe2 Ra6 23. Nb5 Ra8 24. Bxb4 cxb4 25. Qe1 Nc5 26. e5 dxe5 27. Qxb4 Rc7 28. Na5 Na6 29. Qe1 Rd7 30. Nc6 Qb7 31. Na5 Qb6 32. Rbc1 Nc5 33. Nc4 Qb8 34. Qe3 Na6 35. Nb6 Bh6 36. Nxd7 1-0

[Event "Kingston op"]
[Site "Kingston CAN"]
[Date "1985.??.??"]
[Round "?"]
[White "Hartman, Brian"]
[Black "Patterson, Roger"]
[Result "1-0"]
[WhiteElo "2397"]
[BlackElo "2156"]
[PlyCount "41"]
[GameId "2160767912714375"]
[EventDate "1985.02.02"]
[EventType "swiss"]
[EventRounds "5"]
[EventCountry "CAN"]
[SourceTitle "CFC 1985.06"]

1. e4 e5 2. Nf3 Nc6 3. d4 exd4 4. Bc4 Nf6 5. O-O Nxe4 6. Re1 d5 7. Bxd5 Qxd5 8. Nc3 Qh5 9. Nxe4 Be7 10. Bg5 Bg4 11. Bxe7 Bxf3 12. Qd3 Nxe7 13. Ng3 Qc5 14. Nf5 Bg4 15. Rxe7+ Kf8 16. Qb3 Qxf5 17. Rae1 Qf4 18. g3 Qf6 19. Qxb7 Qf3 20. Re8+ Rxe8 21. Qb5 1-0

[Event "Scarborough inv."]
[Site "Toronto CAN"]
[Date "1985.??.??"]
[Round "?"]
[White "Morrison, Robert"]
[Black "Hartman, Brian"]
[Result "1-0"]
[WhiteElo "2371"]
[BlackElo "2386"]
[PlyCount "121"]
[GameId "2160767912714525"]
[EventDate "1985.??.??"]
[EventType "tourn"]
[EventRounds "9"]
[EventCountry "CAN"]
[SourceTitle "CFC 1986.10"]

1. d4 Nf6 2. c4 g6 3. Nc3 Bg7 4. e4 O-O 5. Nf3 d6 6. Be2 c5 7. O-O cxd4 8. Nxd4 Nc6 9. Nc2 Be6 10. b3 a6 11. Rb1 Qb8 12. a4 Rc8 13. Be3 b6 14. f3 Qb7 15. Qd2 Bd7 16. Rfc1 Rab8 17. b4 Ne5 18. Na3 Be6 19. Nd5 Nxd5 20. cxd5 Bd7 21. b5 a5 22. f4 Ng4 23. Bxg4 Bxg4 24. Rc6 Bd7 25. Rxb6 Bc3 26. Qd3 Qc7 27. Rxb8 Qxb8 28. Rc1 Bb4 29. Rc6 Bxc6 30. dxc6 e6 31. Nc4 Qc7 32. e5 d5 33. Nd2 d4 34. Bxd4 Qd8 35. Ne4 Kg7 36. Nd6 Rc7 37. Bb6 Kg8 38. g3 Qb8 39. Bxc7 Qxc7 40. Qd4 Kf8 41. Ne4 Be7 42. Nd6 f6 43. Qc5 fxe5 44. fxe5 Bd8 45. Kg2 Kg8 46. b6 Qxb6 47. Qxb6 Bxb6 48. Nb5 Kf7 49. c7 Bxc7 50. Nxc7 Ke7 51. Kf3 Kd7 52. Nxe6 Kxe6 53. Ke4 g5 54. g4 h6 55. h3 Ke7 56. Kf5 Kf7 57. e6+ Ke7 58. Ke5 Ke8 59. Kf6 Kf8 60. e7+ Ke8 61. Ke6 1-0

[Event "Paul Vaitonis mem"]
[Site "Toronto CAN"]
[Date "1984.10.07"]
[Round "4"]
[White "Hartman, Brian"]
[Black "Polacek, Jozef"]
[Result "1-0"]
[WhiteElo "2347"]
[BlackElo "2280"]
[PlyCount "51"]
[GameId "2160767912714733"]
[EventDate "1984.10.06"]
[EventType "swiss"]
[EventRounds "5"]
[EventCountry "CAN"]
[SourceTitle "CFC 1985.02"]

1. e4 c5 2. Nf3 d6 3. d4 Nf6 4. Nc3 cxd4 5. Nxd4 Nc6 6. Bc4 e6 7. Be3 a6 8. Qe2 Be7 9. O-O-O O-O 10. Bb3 Qa5 11. g4 Nxd4 12. Rxd4 Nd7 13. f4 b5 14. f5 b4 15. Na4 Nc5 16. Nxc5 dxc5 17. Rd2 Qc7 18. Rf1 Rd8 19. Rxd8+ Qxd8 20. Qf2 Qd6 21. g5 exf5 22. exf5 Ra7 23. g6 Bf6 24. gxf7+ Rxf7 25. Qg3 Be5 26. Bf4 1-0

[Event "Scarborough Fall op"]
[Site "Scarborough CAN"]
[Date "1984.09.22"]
[Round "2"]
[White "Pacey, Kevin"]
[Black "Hartman, Brian"]
[Result "1-0"]
[WhiteElo "2092"]
[BlackElo "2325"]
[PlyCount "111"]
[GameId "2160767912714791"]
[EventDate "1984.09.21"]
[EventType "swiss"]
[EventRounds "5"]
[EventCountry "CAN"]

1. e4 c5 2. Nf3 d6 3. d4 cxd4 4. Nxd4 Nf6 5. Nc3 a6 6. Be3 e5 7. Nf3 Qc7 8. Qd3 b5 9. a4 b4 10. Nd5 Nxd5 11. Qxd5 Bb7 12. Qc4 Nc6 13. a5 Rc8 14. Bb6 Qd7 15. Qb3 Qg4 16. Nd2 Be7 17. Qg3 Qxg3 18. hxg3 Nb8 19. O-O-O Bg5 20. f3 Nd7 21. Bf2 d5 22. exd5 Bxd5 23. Kb1 Rc6 24. b3 Bxd2 25. Rxd2 Be6 26. Rh4 Ke7 27. Rxb4 Rhc8 28. Kb2 R8c7 29. Bb6 Nxb6 30. axb6 Rb7 31. Bxa6 Rbxb6 32. Rxb6 Rxb6 33. Be2 f5 34. c4 e4 35. Rd4 Kf6 36. Kc3 Ke5 37. Rd8 Ra6 38. fxe4 fxe4 39. Re8 Kf6 40. c5 Ra2 41. Bc4 Bxc4 42. Kxc4 Re2 43. Kd4 Rd2+ 44. Kc3 Rd3+ 45. Kc4 Rxg3 46. c6 Rxg2 47. Rxe4 Kf5 48. Kd5 Ra2 49. b4 Ra8 50. c7 g5 51. b5 g4 52. Rc4 Rc8 53. b6 g3 54. b7 Rxc7 55. Rxc7 g2 56. b8=Q 1-0

[Event "Labour Day op"]
[Site "Toronto CAN"]
[Date "1984.09.03"]
[Round "5"]
[White "Hartman, Brian"]
[Black "Pacey, Kevin"]
[Result "0-1"]
[WhiteElo "2325"]
[BlackElo "2092"]
[PlyCount "64"]
[GameId "2160767912714826"]
[EventDate "1984.09.01"]
[EventType "swiss"]
[EventRounds "6"]
[EventCountry "CAN"]

1. e4 c5 2. Nf3 d6 3. d4 cxd4 4. Nxd4 Nf6 5. Nc3 g6 6. Be3 Bg7 7. f3 O-O 8. Qd2 Nc6 9. Bc4 Bd7 10. O-O-O Qc7 11. Bb3 Ne5 12. g4 Nc4 13. Qe2 Nxe3 14. Qxe3 Qc5 15. g5 Nh5 16. Qd2 b5 17. Nde2 a5 18. a4 Rab8 19. axb5 Bxb5 20. Nxb5 Rxb5 21. Nc3 Rb4 22. Kb1 Rfb8 23. Nd5 Rd4 24. Qe2 Rxd1+ 25. Rxd1 a4 26. Nxe7+ Kf8 27. Rd5 Qb6 28. e5 axb3 29. Rxd6 bxc2+ 30. Qxc2 Qxb2+ 31. Qxb2 Rxb2+ 32. Kc1 Kxe7 0-1

[Event "Toronto int."]
[Site "Toronto CAN"]
[Date "1984.07.22"]
[Round "2"]
[White "Spraggett, Kevin"]
[Black "Hartman, Brian"]
[Result "1-0"]
[WhiteElo "2597"]
[BlackElo "2324"]
[PlyCount "67"]
[GameId "2160767912715037"]
[EventDate "1984.07.21"]
[EventType "swiss"]
[EventRounds "10"]
[EventCountry "CAN"]
[SourceTitle "hb 2009.08"]

1. g3 d5 2. Bg2 e5 3. c4 c6 4. cxd5 cxd5 5. d4 exd4 6. Qxd4 Nf6 7. Nf3 Nc6 8. Qd1 Be7 9. O-O O-O 10. Be3 Bg4 11. Nd4 Re8 12. Nd2 Bf8 13. N2f3 Na5 14. Qd3 Nc4 15. Bc1 Ne4 16. b3 Nb6 17. Bb2 Nc5 18. Qb1 g6 19. h3 Bd7 20. a4 a5 21. Ba3 Rc8 22. Rc1 Rc7 23. e3 Qc8 24. h4 Bg7 25. Ra2 Ne4 26. Rac2 Rxc2 27. Rxc2 Qd8 28. Bb2 h5 29. Ne2 Bh6 30. Nf4 Bf5 31. Qc1 Nd6 32. Rc5 Be4 33. Qc3 Kh7 34. Ng5+ 1-0

[Event "Toronto int."]
[Site "Toronto CAN"]
[Date "1984.07.24"]
[Round "5"]
[White "Wilder, Michael"]
[Black "Hartman, Brian"]
[Result "1-0"]
[WhiteElo "2535"]
[BlackElo "2324"]
[PlyCount "52"]
[GameId "2160767912715077"]
[EventDate "1984.07.21"]
[EventType "swiss"]
[EventRounds "10"]
[EventCountry "CAN"]
[SourceTitle "CFC 1984.12"]

1. d4 Nf6 2. c4 e6 3. Nf3 d5 4. Nc3 Bb4 5. Bg5 Nbd7 6. e3 c5 7. cxd5 exd5 8. Bd3 Qa5 9. Qc2 c4 10. Bf5 O-O 11. O-O Re8 12. Nd2 Bxc3 13. bxc3 Ne4 14. Bxe4 dxe4 15. Bf4 Qd5 16. f3 f5 17. Rab1 b5 18. a4 a6 19. Qb2 Nb6 20. axb5 Na4 21. Qc2 axb5 22. fxe4 fxe4 23. Be5 Bd7 24. Nxe4 Bc6 25. Ng5 g6 26. e4 Qd8 1-0

[Event "Toronto int."]
[Site "Toronto CAN"]
[Date "1984.07.26"]
[Round "7"]
[White "Hartman, Brian"]
[Black "Findlay, Ian"]
[Result "0-1"]
[WhiteElo "2324"]
[BlackElo "2347"]
[PlyCount "78"]
[GameId "2160767912780633"]
[EventDate "1984.07.21"]
[EventType "swiss"]
[EventRounds "10"]
[EventCountry "CAN"]
[SourceTitle "EXT 2022"]
[Source "ChessBase"]
[SourceDate "2021.10.06"]
[SourceVersion "1"]
[SourceVersionDate "2021.10.06"]
[SourceQuality "1"]

1. e4 c5 2. Nf3 d6 3. d4 cxd4 4. Nxd4 Nf6 5. Nc3 g6 6. Be2 Bg7 7. O-O O-O 8. Nb3 Nc6 9. Be3 Be6 10. f4 Qc8 11. Kh1 Rd8 12. Bg1 d5 13. e5 Ne4 14. Bd3 f6 15. exf6 exf6 16. Nb5 f5 17. N5d4 Bf7 18. c3 Qd7 19. Nxc6 bxc6 20. Bd4 Qd6 21. Qc2 c5 22. Bxg7 Kxg7 23. Rad1 c4 24. Bxc4 dxc4 25. Rxd6 cxb3 26. axb3 Rxd6 27. Qe2 Re8 28. Qb5 Rd2 29. c4 Nf2+ 30. Kg1 Ree2 31. Ra1 Ne4 32. Qe5+ Kh6 33. Kf1 Rxg2 34. Qd4 Rdf2+ 35. Qxf2 Rxf2+ 36. Kg1 Rxb2 37. Rxa7 Kg7 38. Rb7 Nc5 39. Rb5 Nxb3 0-1